| 000 | 00886nam a2200253 a 4500 | ||
|---|---|---|---|
| 001 | BRCA_5460 | ||
| 005 | 20190320205104.0 | ||
| 008 | 830617s1913 nyuac#####---#000-0#eng-# | ||
| 041 | _aeng | ||
| 044 | _anyu | ||
| 050 | 4 |
_aND553.W3 _b.W82 1913 |
|
| 245 | 1 | 0 |
_aThe work of Antoine Watteau _breproduced in one hundred and eighty-two illustrations with a biographical introducction |
| 260 |
_aNueva York _bBrentano´s _c1913 |
||
| 300 |
_a14 p., 184 p. de láminas _bil., retratos, láminas _c27 cm. |
||
| 440 | 0 |
_aClassics in the art series _v15 _913946 |
|
| 500 | _aEdición con cabeza dorada | ||
| 500 | _aReproducido en ciento ochenta y dos ilustraciones con introducción biográfica | ||
| 500 | _aM40 | ||
| 600 | 1 | 4 |
_aWatteau, Jean Antonie _d1684-1721 _913947 |
| 650 | 1 | 4 |
_aPintores francieses _913948 |
| 650 | 1 | 4 |
_aPintuiras francesas _913949 |
| 902 | _aGFM | ||
| 942 |
_2lcc _cB |
||
| 999 |
_c5154 _d5154 |
||